000 00381nam a22001577a 4500
003 OSt
005 20180122111417.0
008 180122b xxu||||| |||| 00| 0 ara d
040 _aLB-BrCRDP
082 _a347.052 A117w
100 _aفرح ابي راشد
245 _aالوقف
260 _aبيروت
_bمطبعة عون
_c1966
300 _aص334
_cسم24
942 _2ddc
_cBK
999 _c18424
_d18424